Southern cultures (Record no. 21758)
[ view plain ]
| 000 -LEADER | |
|---|---|
| fixed length control field | 01594nam a2200397 a 4500 |
| 082 04 - DEWEY DECIMAL CLASSIFICATION NUMBER | |
| Classification number | 975 |
| 245 00 - TITLE STATEMENT | |
| Title | Southern cultures |
| 260 ## - PUBLICATION, DISTRIBUTION, ETC. (IMPRINT) | |
| Place of publication | Chapel Hill : |
| Name of publisher | University of North Carolina Press, |
| Year of publication | c2008. |
| 300 ## - PHYSICAL DESCRIPTION | |
| Number of Pages | xvii, 507 p. : |
| Other physical details | ill. |
| 500 ## - GENERAL NOTE | |
| General note | "A Caravan book"--T.p. verso. |
| 700 1# - ADDED ENTRY--PERSONAL NAME | |
| Personal name | Watson, Harry L. |
| Personal name | Griffin, Larry J. |
| Personal name | Eveleigh, Lisa. |
| 856 40 - ELECTRONIC LOCATION AND ACCESS | |
| Uniform Resource Identifier | http://site.ebrary.com/lib/rucke/Doc?id=10273451 |
No items available.
